00525nam a22001697a 450000500170000001000130001702000260003003500110005603700130006708200110008010000160009124500440010724600430015126000520019427000870024630000220033320190724170731.0 aUR-10279 c200.00a9789388736220 aU-8834 bDBAD/PUB a840.92 aغضنفر  aخو ش ر نگ چہر ے cغضنفر  bKhush Rang Chehre (Urdu)aby Ghazanfar a DelhibEducational Publishing Housec2018 ء  a3191،Vakil Street,Kucha Pandit,Lal Kuan,bDelhie110006k23216162l00911123211540 a158 صc22 Cm(Hb)